[Event "Vlissingen HZ op 21st"]
[Site "Vlissingen"]
[Date "2017.08.11"]
[Round "8"]
[White "Muehlenhaus, Sven"]
[Black "Le Clercq, Maxim"]
[Result "1/2-1/2"]
[WhiteElo "2199"]
[BlackElo "1929"]
[PlyCount "34"]
[EventDate "2017.08.05"]
[EventType "swiss"]
[EventRounds "9"]
[EventCountry "NED"]
[SourceTitle "CBM 179 Extra"]
[Source "ChessBase"]
[SourceDate "2017.08.23"]
[SourceVersion "1"]
[SourceVersionDate "2017.08.23"]
[SourceQuality "1"]

1. d4 d5 2. c4 Nc6 3. Nf3 Bg4 4. cxd5 Bxf3 5. gxf3 Qxd5 6. e3 e5 7. Nc3 Bb4 8. Bd2 Qd7 9. a3 Bxc3 10. bxc3 Nge7 11. Rg1 Qe6 12. Qa4 exd4 13. cxd4 Rd8 14. Bc3 Nd5 15. Bd2 Nb6 16. Qb5 Rd5 17. Qe2 0-0 1/2-1/2

[Event "Vlissingen HZ op 21st"]
[Site "Vlissingen"]
[Date "2017.08.10"]
[Round "7"]
[White "Kuipers, Stefan"]
[Black "Muehlenhaus, Sven"]
[Result "1-0"]
[WhiteElo "2399"]
[BlackElo "2199"]
[PlyCount "47"]
[EventDate "2017.08.05"]
[EventType "swiss"]
[EventRounds "9"]
[EventCountry "NED"]
[SourceTitle "CBM 179 Extra"]
[Source "ChessBase"]
[SourceDate "2017.08.23"]
[SourceVersion "1"]
[SourceVersionDate "2017.08.23"]
[SourceQuality "1"]

1. e4 e5 2. Nf3 Nf6 3. Nc3 Nc6 4. a3 d5 5. Bb5 Nxe4 6. Qe2 Nxc3 7. Qxe5+ Qe7 8. dxc3 Bd7 9. Qxe7+ Bxe7 10. Bf4 0-0-0 11. 0-0-0 Be8 12. Rhe1 Bf6 13. g4 h6 14. h4 g6 15. g5 hxg5 16. hxg5 Bg7 17. Bxc6 Bxc6 18. Be5 Bxe5 19. Nxe5 Rh7 20. Rd4 Re8 21. Kd2 Re6 22. c4 Rd6 23. c5 Re6 24. c4 1-0

[Event "Dieren op"]
[Site "Dieren"]
[Date "2017.07.31"]
[Round "6"]
[White "Warmerdam, Max"]
[Black "Muehlenhaus, Sven"]
[Result "1-0"]
[WhiteElo "2357"]
[BlackElo "2199"]
[PlyCount "91"]
[EventDate "2017.07.25"]
[EventType "swiss"]
[EventRounds "9"]
[EventCountry "NED"]
[SourceTitle "CBM 179 Extra"]
[Source "ChessBase"]
[SourceDate "2017.08.23"]
[SourceVersion "1"]
[SourceVersionDate "2017.08.23"]
[SourceQuality "1"]

1. e4 e5 2. Nf3 Nf6 3. Nxe5 d6 4. Nf3 Nxe4 5. Nc3 Nxc3 6. dxc3 Be7 7. Be3 Nc6 8. Qd2 Be6 9. 0-0-0 Qd7 10. h4 a6 11. Ng5 Bxg5 12. hxg5 0-0-0 13. f3 Rdf8 14. Be2 f6 15. gxf6 Rxf6 16. b3 h6 17. Rhe1 Rhf8 18. Kb1 R6f7 19. Bf1 Rf6 20. Qe2 Kb8 21. Bc1 g5 22. c4 Qf7 23. Bb2 Rg6 24. Qd2 h5 25. Re3 Bf5 26. Rde1 Rgg8 27. b4 b6 28. b5 axb5 29. cxb5 Na5 30. Re7 Qg6 31. g4 hxg4 32. fxg4 Bxg4 33. Bg2 Qf5 34. Bd5 Nb7 35. Bxg8 Rxg8 36. Qb4 Bh5 37. Qc4 Rc8 38. Rf1 Qh3 39. Rf8 Nc5 40. Rxc8+ Kxc8 41. Qg8+ Kb7 42. Qd5+ Kb8 43. Bc1 Qg4 44. a3 Qh3 45. Rh7 Bf3 46. Qf7 1-0

[Event "Dieren op"]
[Site "Dieren"]
[Date "2017.07.25"]
[Round "1"]
[White "Muehlenhaus, Sven"]
[Black "Reinderman, Dimitri"]
[Result "1/2-1/2"]
[WhiteElo "2199"]
[BlackElo "2573"]
[PlyCount "122"]
[EventDate "2017.07.25"]
[EventType "swiss"]
[EventRounds "9"]
[EventCountry "NED"]
[SourceTitle "CBM 179 Extra"]
[Source "ChessBase"]
[SourceDate "2017.08.23"]
[SourceVersion "1"]
[SourceVersionDate "2017.08.23"]
[SourceQuality "1"]

1. d4 f5 2. g3 Nf6 3. Bg2 g6 4. Nh3 Bg7 5. 0-0 Nc6 6. d5 Ne5 7. Nc3 c6 8. Bg5 Nf7 9. Bxf6 Bxf6 10. e4 cxd5 11. exf5 gxf5 12. Nxd5 Bxb2 13. Rb1 Bg7 14. Nhf4 0-0 15. Nh5 Bh8 16. g4 e6 17. Ne3 fxg4 18. Rb4 Bc3 19. Rxg4+ Kh8 20. Kh1 d5 21. f4 Nh6 22. Rg5 Bf6 23. Nxf6 Qxf6 24. Qd3 b6 25. c4 Ba6 26. Qa3 Bxc4 27. Nxc4 dxc4 28. Bxa8 Rxa8 29. Qa6 c3 30. Qc4 Nf5 31. Rc1 Nd4 32. Qxc3 Rd8 33. Rf1 h6 34. Rgg1 Qf7 35. Qb2 Kh7 36. Qg2 Nf5 37. Rd1 Rc8 38. Rc1 Rd8 39. Rgd1 Rg8 40. Qe4 h5 41. Rg1 Rxg1+ 42. Rxg1 Kh6 43. Re1 Ng7 44. Kg1 Qd7 45. Re2 Qd8 46. Kf1 Qd1+ 47. Kf2 Qd7 48. Ke1 Qd6 49. Rd2 Qc5 50. Qd4 Qc6 51. Re2 Qc1+ 52. Kf2 Qh1 53. Qf6+ Kh7 54. h4 Qh2+ 55. Ke1 Qg3+ 56. Kd2 Qa3 57. Ke1 Qg3+ 58. Kf1 Qf3+ 59. Rf2 Qh1+ 60. Ke2 Qe4+ 61. Kf1 Qh1+ 1/2-1/2

[Event "Vlissingen HZ op 20th"]
[Site "Vlissingen"]
[Date "2016.08.11"]
[Round "7"]
[White "Muehlenhaus, Sven"]
[Black "Venkatesh, Marani Rajendran"]
[Result "0-1"]
[WhiteElo "2262"]
[BlackElo "2450"]
[PlyCount "52"]
[EventDate "2016.08.06"]
[EventType "swiss"]
[EventRounds "9"]
[EventCountry "NED"]
[SourceTitle "CBM 173 Extra"]
[Source "ChessBase"]
[SourceDate "2016.08.29"]
[SourceVersion "1"]
[SourceVersionDate "2016.08.29"]
[SourceQuality "1"]

1. d4 Nf6 2. Nf3 g6 3. c4 Bg7 4. Nc3 0-0 5. e4 d6 6. Be2 Bg4 7. Be3 Nfd7 8. Ng1 Bxe2 9. Ngxe2 a6 10. 0-0 c5 11. Qd2 Nc6 12. Rfd1 cxd4 13. Nxd4 Nce5 14. b3 Ng4 15. Bg5 h6 16. Bh4 Bxd4 17. Qxd4 e5 18. Bxd8 exd4 19. Be7 dxc3 20. Bxf8 Kxf8 21. f3 Nge5 22. Rxd6 Ke7 23. Rd5 Nc6 24. Rd3 c2 25. Rd2 Nb4 26. a3 Nc5 0-1

[Event "Solingen Karneval op"]
[Site "Solingen"]
[Date "2016.02.07"]
[Round "5"]
[White "Muehlenhaus, Sven"]
[Black "Krueger, Andre"]
[Result "1/2-1/2"]
[WhiteElo "2251"]
[BlackElo "2103"]
[PlyCount "73"]
[EventDate "2016.02.05"]
[EventType "swiss"]
[EventRounds "5"]
[EventCountry "GER"]
[SourceTitle "EXT 2018"]
[Source "ChessBase"]
[SourceDate "2017.10.13"]
[SourceVersion "1"]
[SourceVersionDate "2017.10.13"]
[SourceQuality "1"]

1. d4 d5 2. c4 dxc4 3. Nf3 Nf6 4. e3 Bg4 5. Bxc4 e6 6. h3 Bh5 7. 0-0 Bd6 8. Nc3 Nc6 9. b3 0-0 10. Bb2 a6 11. Be2 Nd7 12. d5 exd5 13. Nxd5 f6 14. Bc4 Kh8 15. Nf4 Bxf4 16. exf4 Nb6 17. Be2 Nd5 18. g3 Qd7 19. Kg2 Bf7 20. Nd4 Nxd4 21. Qxd4 Rfe8 22. Bf3 c6 23. h4 Qf5 24. Rfe1 Rad8 25. Rad1 Bh5 26. Rxe8+ Rxe8 27. Bxh5 Qxh5 28. Rd2 Qf5 29. Ba3 h5 30. Bc5 Re4 31. Qd3 Rxf4 32. Qxf5 Rxf5 33. Bd6 Nc3 34. Bb4 Nd5 35. Bd6 Nc3 36. Bb4 Nd5 37. Bd6 1/2-1/2

[Event "Solingen Karneval op"]
[Site "Solingen"]
[Date "2016.02.06"]
[Round "3"]
[White "Muehlenhaus, Sven"]
[Black "Flesch, Stefan"]
[Result "1-0"]
[WhiteElo "2251"]
[BlackElo "2075"]
[PlyCount "101"]
[EventDate "2016.02.05"]
[EventType "swiss"]
[EventRounds "5"]
[EventCountry "GER"]
[SourceTitle "EXT 2018"]
[Source "ChessBase"]
[SourceDate "2017.10.13"]
[SourceVersion "1"]
[SourceVersionDate "2017.10.13"]
[SourceQuality "1"]

1. d4 g6 2. e4 Bg7 3. Nf3 d6 4. Bc4 e6 5. 0-0 Ne7 6. Qe2 h6 7. a4 a6 8. c3 b6 9. Bd3 Nd7 10. b4 0-0 11. Nbd2 e5 12. Bb2 c5 13. dxe5 Nxe5 14. Nxe5 dxe5 15. bxc5 bxc5 16. Ba3 Qc7 17. Nb3 Rd8 18. Nxc5 a5 19. Bc4 Bf8 20. Qf3 Nc6 21. Bd5 Ra7 22. Qf6 Rd6 23. Qf3 Kg7 24. Nd3 Rd8 25. Bxf8+ Rxf8 26. Bxc6 Qxc6 27. Nxe5 Qc5 28. Nd3 Qxc3 29. Rac1 Qd4 30. Nc5 Qf6 31. Qe3 Re7 32. Qd2 Ra7 33. Rfd1 Re8 34. f3 Be6 35. Qd6 Ba2 36. Qxf6+ Kxf6 37. Rd2 Be6 38. Nxe6 Rxe6 39. Rd5 Rea6 40. Rcc5 h5 41. Kf2 Kg7 42. h4 Kh7 43. Ke3 Kg7 44. Kd4 Rb6 45. Rb5 Rba6 46. f4 f6 47. f5 g5 48. hxg5 fxg5 49. e5 h4 50. Ke4 Rc7 51. Rdc5 1-0

[Event "Vienna op 17th"]
[Site "Vienna"]
[Date "2011.08.17"]
[Round "5"]
[White "Muehlenhaus, Sven"]
[Black "Wallner, Joachim"]
[Result "1/2-1/2"]
[WhiteElo "2181"]
[BlackElo "2328"]
[PlyCount "87"]
[EventDate "2011.08.13"]
[EventType "swiss"]
[EventRounds "9"]
[EventCountry "AUT"]
[SourceTitle "CBM 143 Extra"]
[Source "ChessBase"]
[SourceDate "2011.08.29"]
[SourceVersion "1"]
[SourceVersionDate "2011.08.29"]
[SourceQuality "1"]

1. d4 d5 2. Nf3 Nf6 3. c4 c6 4. cxd5 cxd5 5. Nc3 Nc6 6. Bf4 a6 7. Rc1 Bf5 8. e3 Rc8 9. Bd3 Bxd3 10. Qxd3 e6 11. 0-0 Bd6 12. Bxd6 Qxd6 13. a3 0-0 14. Na4 Rc7 15. b4 Rfc8 16. Nc5 a5 17. Qb1 axb4 18. axb4 Na7 19. Qa1 b6 20. Qa6 Ne4 21. Nb7 Qe7 22. Rxc7 Qxc7 23. Qxa7 Rb8 24. Ra1 Rxb7 25. Qa3 f6 26. Rc1 Ra7 27. Rxc7 Rxa3 28. h4 Rb3 29. h5 h6 30. Nh4 Rb1+ 31. Kh2 Nxf2 32. Ng6 Rh1+ 33. Kg3 Ne4+ 34. Kg4 f5+ 35. Kf4 Rxh5 36. Ke5 Rg5 37. Rc8+ Kf7 38. Nf4 Rg3 39. Rc7+ Kg8 40. Nxe6 Rxg2 41. Rc8+ Kh7 42. Nf8+ Kg8 43. Ne6+ Kh7 44. Nf8+ 1/2-1/2

[Event "Greifswald Ryck op 14th"]
[Site "Greifswald"]
[Date "2011.07.09"]
[Round "5"]
[White "Muehlenhaus, Sven"]
[Black "Schoenrock, Ruediger"]
[Result "0-1"]
[WhiteElo "2181"]
[BlackElo "2061"]
[PlyCount "64"]
[EventDate "2011.07.07"]
[EventType "swiss"]
[EventRounds "7"]
[EventCountry "GER"]
[SourceTitle "EXT 2012"]
[Source "ChessBase"]
[SourceDate "2011.11.24"]
[SourceVersion "1"]
[SourceVersionDate "2011.11.24"]
[SourceQuality "1"]

1. d4 d5 2. Nf3 Nf6 3. c4 c6 4. Nc3 dxc4 5. a4 Na6 6. e3 Be6 7. Ne5 c5 8. Nxc4 cxd4 9. exd4 Nb4 10. Be3 Bf5 11. Rc1 e6 12. Ne5 a6 13. g4 Bg6 14. h4 Be7 15. h5 Be4 16. Nxe4 Nxe4 17. Bg2 Nd6 18. 0-0 0-0 19. d5 f6 20. Qb3 fxe5 21. Qxb4 Nf5 22. Qxb7 Nxe3 23. fxe3 Rxf1+ 24. Rxf1 Rb8 25. Qxa6 Rb6 26. Qe2 exd5 27. Qf3 e4 28. Qf7+ Kh8 29. g5 Bc5 30. Rf5 Rxb2 31. Qxd5 Bxe3+ 32. Kf1 Qc8 0-1

[Event "Greifswald Ryck op 14th"]
[Site "Greifswald"]
[Date "2011.07.07"]
[Round "1"]
[White "Muehlenhaus, Sven"]
[Black "Klas, Guenther"]
[Result "1-0"]
[WhiteElo "2181"]
[BlackElo "1770"]
[PlyCount "41"]
[EventDate "2011.07.07"]
[EventType "swiss"]
[EventRounds "7"]
[EventCountry "GER"]
[SourceTitle "EXT 2012"]
[Source "ChessBase"]
[SourceDate "2011.11.24"]
[SourceVersion "1"]
[SourceVersionDate "2011.11.24"]
[SourceQuality "1"]

1. d4 d5 2. c4 c6 3. Nf3 Nf6 4. Nc3 g6 5. Bf4 Bg7 6. e3 0-0 7. Rc1 Nh5 8. Bg5 Bg4 9. cxd5 cxd5 10. Qb3 Bxf3 11. gxf3 Qd7 12. Qxd5 Nf6 13. Qxd7 Nbxd7 14. f4 h6 15. Bh4 Rac8 16. Bg2 Rc7 17. Kd2 Nb6 18. Bxf6 Bxf6 19. Ne4 Rxc1 20. Nxf6+ exf6 21. Rxc1 1-0

[Event "Dortmund Sparkassen op"]
[Site "Dortmund"]
[Date "2008.07.03"]
[Round "6"]
[White "Kotainy, Jens"]
[Black "Muehlenhaus, Sven"]
[Result "1/2-1/2"]
[WhiteElo "2112"]
[BlackElo "2208"]
[PlyCount "65"]
[EventDate "2008.06.30"]
[EventType "swiss"]
[EventRounds "9"]
[EventCountry "GER"]
[SourceTitle "CBM 125 Extra"]
[Source "ChessBase"]
[SourceDate "2008.09.01"]
[SourceVersion "1"]
[SourceVersionDate "2008.09.01"]
[SourceQuality "1"]

1. e4 e5 2. Nf3 Nc6 3. d4 exd4 4. Nxd4 g6 5. Be3 Bg7 6. Nc3 d6 7. Qd2 Nge7 8. Be2 0-0 9. 0-0 Re8 10. Rad1 Nxd4 11. Bxd4 Bxd4 12. Qxd4 Nc6 13. Qd2 Kg7 14. f4 f6 15. Bf3 Be6 16. Nd5 Ne7 17. c4 c6 18. Nxe7 Rxe7 19. c5 d5 20. exd5 Bxd5 21. Bxd5 Rd7 22. Qb4 cxd5 23. Qd4 Qf8 24. f5 Re8 25. fxg6 hxg6 26. Rde1 Rxe1 27. Rxe1 Re7 28. Re3 Rxe3 29. Qxe3 Qd8 30. Qd4 Qd7 31. h3 a5 32. a3 a4 33. h4 1/2-1/2

[Event "Hennef op 20th"]
[Site "Hennef"]
[Date "2006.11.22"]
[Round "3"]
[White "Muehlenhaus, Sven"]
[Black "Moritz, Udo"]
[Result "1/2-1/2"]
[WhiteElo "2155"]
[BlackElo "2036"]
[PlyCount "89"]
[EventDate "2006.11.08"]
[EventType "swiss"]
[EventRounds "7"]
[EventCountry "GER"]
[SourceTitle "EXT 2009"]
[Source "ChessBase"]
[SourceDate "2008.11.26"]
[SourceVersion "1"]
[SourceVersionDate "2008.11.26"]
[SourceQuality "1"]
[BlackTeam "Germany"]
[BlackTeamCountry "GER"]

1. d4 d5 2. Nf3 Bf5 3. c4 Bxb1 4. Rxb1 e6 5. c5 Nf6 6. b4 Be7 7. Bg5 0-0 8. g3 c6 9. Bg2 Ne4 10. Bxe7 Qxe7 11. Qd3 Nd7 12. Ne5 Nef6 13. f4 Nxe5 14. fxe5 Ne8 15. 0-0 Nc7 16. a4 a6 17. Qe3 f6 18. Bh3 fxe5 19. Qxe5 Rxf1+ 20. Rxf1 Rf8 21. Bf5 g6 22. Bd3 Rxf1+ 23. Kxf1 Qg7 24. Qd6 Qf7+ 25. Kg2 Ne8 26. Qe5 Qf6 27. Qxf6 Nxf6 28. h4 Kf7 29. Kf3 h6 30. b5 axb5 31. axb5 Nd7 32. bxc6 bxc6 33. Bc2 e5 34. e3 e4+ 35. Kf4 Kf6 36. Ba4 Nb8 37. Bd1 Na6 38. Be2 Nb4 39. g4 g5+ 40. hxg5+ hxg5+ 41. Kg3 Ke7 42. Kf2 Kd7 43. Ke1 Kc7 44. Kd2 Kb7 45. Kc3 1/2-1/2

[Event "Nord West Cup 08th"]
[Site "Bad Zwischenahn"]
[Date "2006.02.05"]
[Round "6"]
[White "Lammers, Markus"]
[Black "Muehlenhaus, Sven"]
[Result "0-1"]
[WhiteElo "2258"]
[BlackElo "2180"]
[PlyCount "94"]
[EventDate "2006.02.02"]
[EventType "swiss"]
[EventRounds "7"]
[EventCountry "GER"]
[SourceTitle "EXT 2007"]
[Source "ChessBase"]
[SourceDate "2006.11.23"]
[SourceVersion "1"]
[SourceVersionDate "2006.11.23"]
[SourceQuality "1"]

1. e4 e5 2. Nf3 Nc6 3. d4 exd4 4. Nxd4 g6 5. Nc3 Bg7 6. Nxc6 bxc6 7. Bd3 d6 8. 0-0 Rb8 9. f4 Qh4 10. Be3 Rxb2 11. Qd2 Nh6 12. Bf2 Qh5 13. Ne2 Ng4 14. Bg3 Qc5+ 15. Kh1 0-0 16. h3 Ne3 17. Rfc1 Nc4 18. Qe1 Nb6 19. a4 a5 20. Bf2 Qh5 21. Nd4 Bxh3 22. gxh3 Qxh3+ 23. Kg1 Qg4+ 24. Kf1 c5 25. Nc6 c4 26. Be2 Qxf4 27. Ra3 Qxe4 28. Bf3 Qf4 29. Bg3 Qg5 30. Bh4 Qc5 31. Re3 Kh8 32. Re8 Nd7 33. Qe7 Qf5 34. Kg2 Rxe8 35. Qxe8+ Nf8 36. Be7 Rxc2+ 37. Rxc2 Qxc2+ 38. Kh3 Kg8 39. Nd8 Qf5+ 40. Bg4 Qf1+ 41. Kh4 Qf2+ 42. Kh3 h5 43. Bc8 Qf3+ 44. Kh2 Be5+ 45. Kg1 Bd4+ 46. Kh2 Qf2+ 47. Kh3 Qf1+ 0-1

[Event "Dortmund op-A"]
[Site "Dortmund"]
[Date "2005.07.12"]
[Round "5"]
[White "Henrichs, Wenke"]
[Black "Muehlenhaus, Sven"]
[Result "1-0"]
[WhiteElo "2080"]
[BlackElo "2212"]
[PlyCount "83"]
[EventDate "2005.07.08"]
[EventType "swiss"]
[EventRounds "9"]
[EventCountry "GER"]
[SourceTitle "CBM 107 Extra"]
[Source "ChessBase"]
[SourceDate "2005.09.01"]
[SourceVersion "1"]
[SourceVersionDate "2005.09.01"]
[SourceQuality "1"]

1. d4 d5 2. c4 c6 3. Nc3 Nf6 4. Nf3 a6 5. cxd5 cxd5 6. Bf4 Nc6 7. Rc1 Qb6 8. Na4 Qa5+ 9. Nc3 Ne4 10. e3 Nxc3 11. bxc3 b5 12. Bd3 Bg4 13. 0-0 e6 14. e4 Be7 15. exd5 exd5 16. Re1 0-0 17. h3 Bh5 18. Bxh7+ Kxh7 19. Ng5+ Bxg5 20. Qxh5+ Kg8 21. Qxg5 Qxa2 22. Re3 Nd8 23. Rg3 Ne6 24. Qf6 Kh7 25. Qh4+ Kg8 26. Bh6 f6 27. Re1 Ng5 28. Re7 Qb1+ 29. Kh2 gxh6 30. Qxh6 Rf7 31. Rxg5+ fxg5 32. Qxg5+ Kf8 33. Rxf7+ Kxf7 34. Qxd5+ Kg7 35. Qxa8 Qc1 36. Qb7+ Kg8 37. Qc8+ Kg7 38. Qd7+ Kh8 39. Qe8+ Kh7 40. Qf7+ Kh8 41. Qf6+ Kh7 42. d5 1-0

[Event "Duesseldorf-ch"]
[Site "Duesseldorf"]
[Date "2004.11.03"]
[Round "4"]
[White "Von Buenau, Heinrich"]
[Black "Muehlenhaus, Sven"]
[Result "1/2-1/2"]
[WhiteElo "2052"]
[BlackElo "2133"]
[PlyCount "51"]
[EventDate "2004.09.29"]
[EventType "swiss"]
[EventRounds "7"]
[EventCountry "GER"]
[SourceTitle "EXT 2006"]
[Source "ChessBase"]
[SourceDate "2005.11.24"]
[SourceVersion "1"]
[SourceVersionDate "2005.11.24"]
[SourceQuality "1"]

1. c4 c6 2. g3 d5 3. Bg2 e6 4. Qc2 Nf6 5. Nf3 Bd6 6. 0-0 Nbd7 7. b3 Qe7 8. Bb2 0-0 9. d3 e5 10. Nh4 Nb6 11. Nd2 Re8 12. Rac1 dxc4 13. dxc4 Ba3 14. e4 Bc5 15. Ndf3 Nbd7 16. Nf5 Qf8 17. Rfe1 Ng4 18. Re2 g6 19. N5h4 f6 20. Bh3 Nh6 21. Rd1 Nb6 22. Bxc8 Raxc8 23. Rd3 Rcd8 24. Red2 Rxd3 25. Qxd3 Nf7 26. Ng2 1/2-1/2

[Event "Berlin Lichtenberger Sommer 3th"]
[Site "Berlin"]
[Date "2004.08.19"]
[Round "6.23"]
[White "Steinert, Christian"]
[Black "Muehlenhaus, Sven"]
[Result "0-1"]
[WhiteElo "1960"]
[BlackElo "2171"]
[PlyCount "94"]
[EventDate "2004.08.14"]
[EventType "swiss"]
[EventRounds "9"]
[EventCountry "GER"]
[SourceTitle "EXT 2022"]
[Source "ChessBase"]
[SourceDate "2021.10.06"]
[SourceVersion "1"]
[SourceVersionDate "2021.10.06"]
[SourceQuality "1"]

1. e4 e5 2. Nf3 Nf6 3. Nxe5 Nxe4 4. Qe2 Qe7 5. Qxe4 d6 6. d4 dxe5 7. Qxe5 Qxe5+ 8. dxe5 Bf5 9. Bb5+ Nd7 10. Bxd7+ Kxd7 11. c3 Re8 12. f4 f6 13. 0-0 Bc5+ 14. Kh1 fxe5 15. b4 Bb6 16. fxe5 Rxe5 17. Bf4 Re2 18. Nd2 Rhe8 19. a4 h6 20. a5 Bf2 21. Bg3 Bxg3 22. Rxf5 Bxh2 23. Rd5+ Bd6 24. Nf3 g5 25. Rf1 Rf8 26. Rfd1 g4 27. Ne5+ Ke6 28. Nxg4 Rf4 29. Nh2 Rh4 30. Rxd6+ cxd6 31. Kg1 Re3 32. Nf3 Rg4 33. Nd4+ Ke5 34. Kf2 Rxc3 35. Nf3+ Ke6 36. Nd4+ Kd7 37. Nb5 Rc2+ 38. Kf3 Rxb4 39. Nxd6 Ke6 40. Ne4 Rcc4 41. Nd2 Rc3+ 42. Kf2 Rb2 43. Kf1 Rcc2 44. Ne4 Rxg2 45. Nc5+ Kf5 46. Rd5+ Kg4 47. Nxb7 Kg3 0-1

[Event "Berlin Lichtenberger Sommer 3th"]
[Site "Berlin"]
[Date "2004.08.15"]
[Round "2.41"]
[White "Loerke, Reinhard"]
[Black "Muehlenhaus, Sven"]
[Result "1-0"]
[WhiteElo "1859"]
[BlackElo "2171"]
[PlyCount "77"]
[EventDate "2004.08.14"]
[EventType "swiss"]
[EventRounds "9"]
[EventCountry "GER"]
[SourceTitle "EXT 2022"]
[Source "ChessBase"]
[SourceDate "2021.10.06"]
[SourceVersion "1"]
[SourceVersionDate "2021.10.06"]
[SourceQuality "1"]

1. e4 c6 2. f4 d5 3. e5 g6 4. Nf3 Bg7 5. Nc3 Nh6 6. Be2 0-0 7. 0-0 Na6 8. Qe1 Nc7 9. a4 f6 10. d4 Bg4 11. Nd1 Nf7 12. Qh4 Bxf3 13. Rxf3 f5 14. Rh3 h6 15. g4 e6 16. g5 Re8 17. Raa3 h5 18. Rag3 Na6 19. b3 Qa5 20. c3 b5 21. Bxh5 gxh5 22. Qxh5 b4 23. Qg6 Nh8 24. Qh7+ Kf7 25. Rh6 Rg8 26. Ne3 Ke7 27. Nxf5+ exf5 28. Qxf5 Nc7 29. Rxc6 Raf8 30. Qh3 Rc8 31. Bd2 Qa6 32. Rxa6 Nxa6 33. cxb4 Rc2 34. Rd3 Nf7 35. b5 Nc7 36. f5 Bxe5 37. dxe5 Rh8 38. f6+ Kd8 39. Qf5 1-0

[Event "Oberwart op"]
[Site "Oberwart"]
[Date "2004.??.??"]
[Round "?"]
[White "Lehner, Oliver"]
[Black "Muehlenhaus, Sven"]
[Result "1/2-1/2"]
[WhiteElo "2425"]
[BlackElo "2220"]
[PlyCount "65"]
[EventDate "2004.07.10"]
[EventType "swiss"]
[EventRounds "9"]
[EventCountry "AUT"]
[SourceTitle "CBM 103 Extra"]
[Source "ChessBase"]
[SourceDate "2005.01.01"]
[SourceVersion "1"]
[SourceVersionDate "2005.01.01"]
[SourceQuality "1"]

1. d4 d5 2. c4 c6 3. Nf3 Nf6 4. Nc3 e6 5. e3 Nbd7 6. Qc2 Bd6 7. Bd3 0-0 8. 0-0 Qe7 9. e4 dxc4 10. Bxc4 e5 11. g3 exd4 12. Nxd4 Nb6 13. Be2 Be5 14. Be3 Bh3 15. Rfe1 Ng4 16. Nf5 Qf6 17. Bc5 Rfe8 18. f4 Bc7 19. Rad1 Nc8 20. Rd7 Bb6 21. Na4 Bxc5+ 22. Nxc5 Ne3 23. Nxe3 Bxd7 24. Nxd7 Qd4 25. Qd3 Qxe4 26. Qxe4 Rxe4 27. Kf2 Rd4 28. Ne5 Nd6 29. N3c4 f6 30. Nxd6 Rxd6 31. Bc4+ Kf8 32. Nf3 Re8 33. Rxe8+ 1/2-1/2

[Event "Bratislava Slovan op"]
[Site "Bratislava"]
[Date "2003.??.??"]
[Round "?"]
[White "Chovanec, Vladimir"]
[Black "Muehlenhaus, Sven"]
[Result "1-0"]
[WhiteElo "2035"]
[BlackElo "2210"]
[PlyCount "57"]
[EventDate "2003.04.??"]
[EventType "swiss"]
[EventRounds "9"]
[EventCountry "SVK"]
[SourceTitle "EXT 2005"]
[Source "ChessBase"]
[SourceDate "2004.11.15"]
[SourceVersion "1"]
[SourceVersionDate "2004.11.15"]
[SourceQuality "1"]

1. e4 c5 2. Nf3 Nc6 3. d3 d6 4. g3 g6 5. Bg2 Bg7 6. 0-0 e6 7. c3 Nge7 8. Be3 0-0 9. d4 cxd4 10. Nxd4 a6 11. a4 Bd7 12. Nxc6 Bxc6 13. a5 d5 14. Bc5 Re8 15. Bb6 Qd7 16. Na3 Rac8 17. Re1 Ba4 18. Qd2 Bb3 19. Nc2 Bxc2 20. Qxc2 dxe4 21. Qxe4 Nd5 22. Rad1 Qb5 23. Bf1 Qxb2 24. Rxd5 f5 25. Qa4 Bxc3 26. Bd4 Bxd4 27. Qxd4 Qxd4 28. Rxd4 Rc5 29. Rd7 1-0